| 000 | 00651nam a2200181Ia 4500 | ||
|---|---|---|---|
| 008 | 090123s9999 xx 000 0 und d | ||
| 082 |
_b3858 _a891.463/कुलकर्णी |
||
| 100 | _aकुलकर्णी मधु | ||
| 245 | _aमाणुस मोठा जिद्दिचा | ||
| 250 | _a1 | ||
| 260 |
_bकेसरी मुद्रणालय _c1974 |
||
| 300 | _a292 | ||
| 600 | _aकुलकर्णी मधु | ||
| 630 | _aमाणुस मोठा जिद्दिचा | ||
| 700 | _aकुलकर्णी मधु | ||
| 730 | _aमाणुस मोठा जिद्दिचा | ||
| 942 | _cBOOK | ||
| 999 |
_c41934 _d41934 |
||